000 01008nam a22002897a 4500
001 9898
003 FISKH
005 20260312144951.0
008 260312b cb ||||| |||| 00| 0 eng d
020 _a9780525456896
040 _aFISKH
_beng
_cFISKH
_dFISKH
050 _aPZ7 .M64
082 _a823.92
100 _aMilne, A. A.
_eAuthor
245 _aPooh to the rescue :
_bA rebus book with blocks /
_cBy A. A. Milne ; illustrated by Ernest H. Shepard
260 _aNew York :
_bDutton Children's Books ,
_c1997
300 _a10 unnumbered pages :
_bcolor illustrations ;
_c20 x 26 cm
505 _aG
520 _aWhen Pooh finds a Very Important Message that says Piglet is trapped in the flood, it's up to him to rescue his best friend from the storm!
521 8 _a300
_bLexile
521 8 _aG
_bRaz-Plus
650 _aBoard book
_vChildren’s fiction
650 _aAnimals
_vFriendship
700 _aShepard, Ernest H.
_eIllustrator
942 _2ddc
_cBK
_n0
999 _c9898
_d9898